000 01029 a2200457 4500
000 BKB
001 136256
005 20200902153010.0
008
010 _a
020 _a
082 _a303.372
_bS13S
100 1 _aSocial justice and public policy : seeking fairness in diverse societies
110 _a
245 1 _aSocial justice and public policy : seeking fairness in diverse societies
_cedited by Gary Craig
250 _a
260 _aU.K.
_bPolicy Prees
_c2011
300 _a284p.
490 _a
_v
500 _a
600 _a
610 _a
611 _a
630 _a
650 _a
651 _a
654 _a
690 _aPolitical planning; Social justice
700 _aCraig, Gary....[et.al.]
_b
_c
700 _aTania, Burchardt ed.
_b
_c
710 _a
_b
_c
711 _a
720 _a
730 _a
740 _a
752 _a
856 _a
_d
_f
904 _a
964 _a
_b
_c
_d
_e
_f
_g
965 _a
999 _c9486
_d9486